000
00289nam a22001217a 4500
020
_a
0-8436-0812-9
082
_a
621.89 OLD'L
100
_a
OLDS, WILBERT J
_9
78431
245
_a
LUBRICANTS CUTTING FLUIDS AND COOLANTS
260
_a
BOSTON
_b
CAHNER'S
_c
1973
300
_a
212P
942
_c
BK
999
_c
583551
_d
583551